00621nam a22002057a 450000500170000001000130001702000210003003500130005103700160006404000120008008200190009210000210011124500640013226000470019627000450024330000260028850000510031465000250036565000250039020170124105958.0 aA-943905 a817629098c00.00 aA-943905 bCen Lib/Ret aDPLbEN a347.54017bMUK aMukherjee, Roma  aWomen, law and free legal aid in india /cby Roma Mukherjee aNew DelhibDeep & Deep Publications c1998 aF-159, rajouri gardenbNew Delhie110027 axiv, 174p.c25cm(pbk) aIncludes bibliographical references and index  aConstitutionzIndia  aLegal aaid services